<A> guide to the World Bank
Gespeichert in:
| Format: | Buch |
|---|---|
| Sprache: | Englisch |
| Veröffentlicht: |
Washington, D.C.
<The> World Bank
2003
|
| Schlagworte: | |
| Tags: |
Keine Tags, Fügen Sie das erste Tag hinzu!
|
MARC
| LEADER | 00000nam$a2200000$$$4500 | ||
|---|---|---|---|
| 001 | 0041243 | ||
| 005 | 20240315115357.1 | ||
| 020 | |a 0-8213-5344-6 | ||
| 041 | 0 | |a eng | |
| 044 | |a US | ||
| 245 | 1 | 0 | |a <A> guide to the World Bank |
| 264 | 1 | |a Washington, D.C. |b <The> World Bank |c 2003 | |
| 300 | |a 247 s. | ||
| 610 | 2 | 0 | |a banky |
| 610 | 2 | 0 | |a bankovníctvo |
| 610 | 2 | 0 | |a organizácie medzinárodné |
| 610 | 2 | 0 | |a štruktúra organizačná |
| 610 | 2 | 0 | |a projekty |
| 610 | 2 | 0 | |a pomoc rozvojová |
| 610 | 2 | 0 | |a politika |
| 610 | 2 | 0 | |a financie |
| 610 | 2 | 0 | |a produkty |
| 610 | 2 | 0 | |a služby |
| 610 | 2 | 0 | |a partnerstvo strategické |
| 610 | 2 | 0 | |a krajiny rozvojové |
| 610 | 2 | 0 | |a krajiny tranzitívne |
| 610 | 2 | 0 | |a sektory hospodárske |
| 610 | 2 | 0 | |a adresáre |
| 610 | 2 | 0 | |a Medzinárodný menový fond |
| 610 | 2 | 0 | |a OSN |
| 610 | 2 | 0 | |a Svetová banka |